[Event "25th Zadar Open 2018"]
[Site "Zadar"]
[Date "2018.12.16"]
[Round "2.3"]
[White "Saric, Ibro"]
[Black "Bukal, Vladimir Jr."]
[Result "1-0"]
[WhiteElo "2559"]
[BlackElo "2390"]
[Annotator "TA"]
[PlyCount "121"]
[EventDate "2018.12.15"]
[EventType "swiss"]
[EventCountry "CRO"]
[SourceTitle "playchess.com"]
[Source "ChessBase"]
[SourceQuality "1"]

{[%evp 17,121,26,29,0,29,29,25,26,30,37,35,35,29,25,54,53,49,30,82,89,82,52,52,37,29,31,107,111,100,75,90,52,50,41,41,41,45,45,41,39,39,38,70,63,64,62,68,18,20,0,0,0,3,0,0,0,0,0,0,0,58,75,182,170,197,200,197,173,157,157,578,569,522,554,495,410,12798,12759,12791,12796,12803,12801,12059,11775,11911,8677,6612,6612,5616,5104,5267,4951,2835,0,5198,5198,5167,5112,2339,1794,5104,5060,4622,4622,29976,29976]} 1. Nf3 b6 2. e4 Bb7 3. Nc3 e6 4. d4 Bb4 5. Bd3 Nf6 6. Qe2 d5 7. exd5 Qxd5 8. O-O {B00: Queen's Fianchetto Defence, Nimzowitsch Defence} Bxc3 9. bxc3 Qh5 {LiveBook: 4 Games} (9... Nbd7 10. c4 Qh5 11. Bf4 Rc8 12. a4 a5 13. Rab1 O-O 14. Rb5 c5 15. dxc5 Rxc5 {0-1 (29) Eljanov,P (2734)-Carlsen,M (2827) Douglas 2017}) 10. c4 {White has an edge.} O-O (10... Bxf3 $5 11. Qxf3 (11. gxf3 O-O $11) 11... Qxf3 12. gxf3 Nc6 $11) 11. Ne5 Qxe2 12. Bxe2 Nfd7 13. Nxd7 Nxd7 14. Rd1 Rfe8 $146 ({Predecessor:} 14... Rfd8 15. Be3 h6 16. f3 Rac8 17. c5 Nf6 18. Bc4 Nd5 19. Bxd5 {½-½ (19) Strasser,J (1784)-Straub,H (1907) Bayerisch Eisenstein 2012}) 15. Be3 Nf6 16. f3 e5 17. Kf2 Ba6 (17... exd4 $11 {keeps the balance.} 18. Bxd4 Bc6) 18. a4 exd4 19. Bxd4 Nd5 20. Rd2 Nf4 21. Bf1 c5 ({Black should try} 21... Ne6 $14) 22. Bc3 $16 Bc8 23. a5 {Hoping for axb6.} Bf5 24. axb6 (24. Rb1 {with more complications.} bxa5 25. Rb5 Ne6 26. Rxa5 Rad8 27. Re2) 24... axb6 25. Rxa8 Rxa8 26. Be5 Ne6 $1 27. g4 Bg6 28. Rd6 Ra2 29. Rxb6 Rxc2+ 30. Ke3 h5 $1 31. gxh5 Bf5 32. h6 gxh6 33. Bd3 Bxd3 34. Kxd3 $11 {[%mdl 4096] Endgame KRB-KRN} Rf2 35. Ke3 Rf1 {Threatens to win with ...Re1+.} 36. f4 Re1+ 37. Kf2 Re4 38. Kf3 Re1 (38... Rxc4 $11 39. h4 Rb4) 39. Kg4 $14 {Strongly threatening Rb8+.} Kh7 (39... Kf8 $16 {is a better defense.}) 40. Kf5 Rf1 41. Rb8 {[%csl Ge5][%cal Rb8h8]} Nd4+ 42. Bxd4 $1 cxd4 $18 {KR-KR} 43. Rd8 Kg7 $2 (43... Rd1 $16 {is a better chance.} 44. Kf6 h5 45. Kxf7 d3) 44. Rxd4 Rh1 45. c5 $1 {[%cal Bc4c5,Bc5c6][%mdl 32]} Rc1 46. Rd5 Rh1 (46... Kf8 $142 47. Kf6 Ke8) 47. Ke5 Kf8 48. c6 {Threatening mate with Kf6.} Ke7 49. Rd7+ Ke8 50. Kf6 Rxh2 51. Re7+ Kd8 52. Rxf7 h5 53. Rh7 h4 54. Kg5 Rg2+ 55. Kf6 (55. Kf5 $142 Rc2 56. c7+ Kc8 57. Kg4 (57. Rxh4 Kxc7 58. Rh1 Kd8 $16)) 55... Rh2 $1 56. c7+ Kc8 57. Kg5 $1 Rg2+ {[#]} 58. Kf5 $1 Rh2 59. Kg4 Rg2+ {[#]} 60. Kh3 $1 {[%cal Rh3g2]} Rf2 61. Rf7 {Accuracy: White = 74%, Black = 53%.} 1-0

[Event "25th Zadar Open 2018"]
[Site "Zadar"]
[Date "2018.12.16"]
[Round "2.4"]
[White "Mendonca, Leon Luke"]
[Black "Martinovic, Sasa"]
[Result "1/2-1/2"]
[WhiteElo "2350"]
[BlackElo "2554"]
[Annotator "TA"]
[PlyCount "94"]
[EventDate "2018.12.15"]
[EventType "swiss"]
[EventCountry "CRO"]
[SourceTitle "playchess.com"]
[Source "ChessBase"]
[SourceQuality "1"]

{[%evp 23,94,-12,-40,-47,-33,-45,-13,-14,0,-8,0,-20,0,0,0,0,0,-16,31,-20,29,0,0,0,0,0,27,27,27,26,20,26,20,0,33,35,43,39,34,34,36,42,41,16,21,15,15,15,14,13,25,28,52,18,18,18,16,8,15,6,8,6,6,4,6,4,26,0,6,0,26,0,8]} 1. d4 e6 2. c4 Nf6 3. Nc3 Bb4 4. e3 O-O 5. Nge2 Re8 6. a3 Bf8 7. d5 a5 8. g3 {E46: Nimzo-Indian: Rubinstein: 4 e3 0-0 5 Ne2 without early Bd3} (8. Ng3 Na6 9. Be2 Nc5 10. b3 d6 11. Rb1 c6 12. b4 axb4 13. axb4 Na6 14. e4 exd5 15. cxd5 cxd5 16. exd5 {1-0 (55) Tregubov,P (2588)-Melkumyan,H (2660) Douglas 2018}) 8... Na6 {[%cal Bb8a6,Ba6c5,Bc5d3][%mdl 32]} 9. Bg2 exd5 10. cxd5 Nc5 11. b3 b6 12. O-O Ba6 {LiveBook: 14 Games} 13. Bb2 Nd3 14. Qc2 Ng4 {White should prevent ...Qg5.} 15. h3 Nge5 $146 ({Predecessor:} 15... Nxb2 16. hxg4 {1-0 (39) Olsen,F (2235)-Bjerre,J (2330) Koege 2017}) 16. Rfd1 Qf6 17. Nd4 Nxb2 18. Qxb2 c5 19. dxc6 dxc6 20. Qc2 {White wants to play f4.} Rac8 21. b4 (21. f4 $14) 21... c5 22. bxc5 (22. Nd5 $5 {[%cal Rd5f6]} Qg5 23. bxc5 Bxc5 24. h4 $11) 22... bxc5 23. Nd5 Qg6 24. Nf5 Bd3 25. Rxd3 Qxf5 {[%mdl 64] [#] Pin} 26. Rd2 Qxc2 27. Rxc2 Rb8 28. f4 Nd7 29. Kf2 Rb3 30. Bf1 Nb6 31. Nxb6 Rxb6 32. Bc4 Rd8 33. Ke2 Be7 34. Rd1 Rxd1 35. Kxd1 $11 {[%mdl 4096] Endgame KRB-KRB} Kf8 36. Ke2 Bf6 37. Bd5 Rb2 38. Rxb2 (38. Kd3 {with more complications.} Rxc2 39. Kxc2 a4 40. Bc6 Be7 41. Bxa4 c4 42. Bb5) 38... Bxb2 $14 {KB-KB} 39. a4 Ke7 40. g4 f6 41. Kd3 Bc1 42. Bg8 h6 43. Bc4 Kd6 44. Ke4 Ke7 45. Kd3 Kd6 46. Ke4 Ke7 47. Kd3 Kd6 {Accuracy: White = 55%, Black = 52%.} 1/2-1/2

[Event "25th Zadar Open 2018"]
[Site "Zadar"]
[Date "2018.12.16"]
[Round "2.5"]
[White "Nielsen, Rogvi Egilstoft"]
[Black "Blagojevic, Dragisa"]
[Result "1-0"]
[WhiteElo "2339"]
[BlackElo "2497"]
[Annotator "TA"]
[PlyCount "79"]
[EventDate "2018.12.15"]
[EventType "swiss"]
[EventCountry "CRO"]
[SourceTitle "playchess.com"]
[Source "ChessBase"]
[SourceQuality "1"]

{[%evp 26,78,33,20,115,118,189,191,183,189,187,172,262,250,368,361,441,439,471,464,454,463,439,97,91,0,452,449,420,233,425,416,416,394,374,308,4132,4132,5257,799,758,659,29987,29988,29988,29989,29989,1495,853,0,29989,29990,29990,29991,29999]} 1. e4 e5 2. Nf3 Nc6 3. d4 exd4 4. Nxd4 Nf6 5. Nxc6 bxc6 6. e5 Qe7 7. Qe2 Nd5 8. c4 Nb6 9. Nc3 Qe6 10. Qe4 g6 {C45: Scotch Game} 11. f4 (11. Bd2 Bg7 12. c5 Nd5 13. Bc4 Qxe5 14. Qxe5+ Bxe5 15. Bxd5 cxd5 16. O-O-O O-O 17. Nxd5 Rb8 18. Bc3 Bxc3 19. Nxc3 {1-0 (49) Yu,Y (2729)-Dominguez Perez,L (2739) Doha 2016}) 11... Bg7 12. c5 Nd5 13. Bc4 Bb7 14. O-O {[#] LiveBook: 5 Games} O-O-O $146 (14... O-O $11) ({Predecessor:} 14... Qe7 15. Qd4 Nxc3 16. bxc3 O-O 17. Rb1 Bc8 18. Be3 {0-1 (55) Cibickova,Z (2312)-Vajda,L (2599) Dunajska Streda 2017}) 15. Rd1 $1 $16 f5 (15... f6 $16) 16. Qf3 $1 $18 (16. Bxd5 $6 cxd5 17. Qb4 g5 $14) 16... g5 17. Nxd5 cxd5 18. Bxd5 Bxd5 (18... Qa6 {is a better defense.} 19. Be3 (19. fxg5 Bxe5 20. Bxb7+ Qxb7 $16) 19... gxf4 20. Bxf4 Rde8) 19. Rxd5 c6 (19... Qc6 $142 20. Be3 (20. fxg5 Qa4 $18) 20... Rde8) 20. Rd4 {Qa3 is the strong threat.} gxf4 21. Qa3 {Intending Qa6+ and mate.} Rde8 22. Bxf4 ({Less strong is} 22. Qxa7 Bxe5 23. Qa8+ Kc7 $18) 22... Bxe5 23. Qa6+ Kd8 24. Qa5+ $2 (24. Bg5+ $18 {and White stays clearly on top.} Re7 25. Rd2) 24... Kc8 $16 25. Qa6+ $2 {[%mdl 8192]} (25. Bxe5 $16 Qxe5 26. Qa6+ Kd8 27. Qa5+ Qc7 28. Ra4) 25... Kd8 $18 26. Bg5+ Re7 27. Bxe7+ (27. Rd3 $142) 27... Kxe7 $2 (27... Qxe7 28. Rc4 Qg5 29. Qa5+ (29. Qxa7 Bxh2+ 30. Kxh2 Qh6+ 31. Kg3 Qe3+ 32. Kh4 Qh6+ 33. Kg3 Qe3+ 34. Kh2 Qh6+ 35. Kg3 $11) 29... Kc8) 28. Rd3 Rb8 29. Rad1 Rxb2 {Threatening ...Bd4+.} 30. Qa4 {Strongly threatening Qh4+.} Rxa2 $2 (30... Ke8 31. Qh4 (31. Qxa7 Bd4+ 32. Rxd4 Qe3+ 33. Kh1 Qxd4 $11) 31... Rc2 32. Qxh7 Qf7 33. Rxd7 Qxh7 34. Rxh7 a5) 31. Rxd7+ {[%mdl 64] Double Attack} Kf8 32. Rd8+ (32. Qh4 $142 Ra1 33. Rd8+ Kg7 34. Rxa1 Bxa1 35. Qg5+ Qg6 36. Rd7+ Kh8 37. Qe7) 32... Kg7 {[#]} 33. Qh4 $1 {[%cal Rh4g5]} Bf6 34. R8d7+ Kf8 35. Qh6+ Ke8 {[#]} 36. Qh5+ (36. Rd8+ $142 $1 {[%mdl 512]} Kf7 (36... Bxd8 37. Qxe6+) 37. Qxh7+ Bg7 38. R1d7+ Qxd7 39. Rxd7+ Ke8 40. Qxg7 Ra1+ 41. Kf2) 36... Kf8 37. Qh6+ (37. Rd8+ $18 Bxd8 38. Rxd8+ Kg7 39. Qg5+ Kf7 40. Qg8+ {[%mdl 64] Double Attack} Kf6 41. Rd6 Ra1+ 42. Kf2) 37... Ke8 {[#]} 38. Rd8+ $1 {[%mdl 576] Pin. White mates.} Kf7 (38... Bxd8 39. Qxe6+) 39. R1d7+ Be7 40. Rf8# {Accuracy: White = 51%, Black = 47%.} 1-0

[Event "25th Zadar Open 2018"]
[Site "Zadar"]
[Date "2018.12.16"]
[Round "2.6"]
[White "Djoric, Dusan"]
[Black "Livaic, Leon"]
[Result "0-1"]
[WhiteElo "2298"]
[BlackElo "2474"]
[Annotator "TA"]
[PlyCount "90"]
[EventDate "2018.12.15"]
[EventType "swiss"]
[EventCountry "CRO"]
[SourceTitle "playchess.com"]
[Source "ChessBase"]
[SourceQuality "1"]

{[%evp 20,90,29,0,58,47,50,33,30,0,3,-16,-20,-24,-13,-49,-28,-41,-38,-71,-79,-96,-88,-201,-208,-434,-463,-423,-458,-457,-456,-401,-291,-270,-265,-406,-408,-424,-412,-501,-429,-468,0,-360,-347,-468,-451,-416,-345,-437,-344,-455,-414,-407,-383,-452,-446,-433,-450,-696,-689,-668,-597,-666,-626,-810,-799,-1182,-1104,-812,-804,-1210,-1198]} 1. d4 Nf6 2. Nf3 e6 3. c4 c5 4. Nc3 d5 5. cxd5 Nxd5 6. e4 Nxc3 7. bxc3 cxd4 8. cxd4 Bb4+ 9. Bd2 Bxd2+ 10. Qxd2 O-O 11. Bd3 {LiveBook: 35 Games} Nd7 {D41: Queen's Gambit Declined: Semi-Tarrasch with 5 cxd5} (11... Nc6 $11) (11... Nc6 12. Bc2 b6 13. O-O Bb7 14. d5 Na5 15. dxe6 fxe6 16. Qe2 Rc8 17. Rad1 Qc7 18. Nd4 Qe5 19. Rfe1 {½-½ (37) Wojtaszek,R (2737)-Kramnik,V (2794) Antalya 2017}) 12. O-O $14 b6 13. Qe2 Bb7 {White is slightly better.} 14. Ba6 Qc8 15. Bxb7 Qxb7 {[#]} 16. a4 $146 ({Predecessor:} 16. e5 Qd5 17. Rfd1 h6 18. Nd2 Rac8 {½-½ (60) Tan,Z (2502)-Padmini,R (2387) Teheran 2017}) 16... Rfc8 17. Rfc1 Nf6 18. Nd2 Qd7 $36 {[%mdl 2048] White is under pressure.} 19. Qa6 h6 20. e5 Nd5 21. Nc4 (21. Qb5 $17 Qxb5 22. Rxc8+ Rxc8 23. axb5) 21... Qc6 $19 22. Ne3 $2 {[#]} (22. Rab1) 22... Qxc1+ 23. Rxc1 Rxc1+ 24. Nf1 Rac8 25. g3 R8c7 26. Kg2 R1c4 27. Nd2 (27. a5 {keeps fighting.}) 27... Rxd4 28. Nf3 Rb4 29. h4 Rc2 {aiming for ...Rbb2.} 30. Ne1 Rc7 $2 (30... Rd2 $19 31. Qc8+ Kh7) 31. h5 $2 {[%mdl 8192]} (31. Nf3 $1 $11 {and White has nothing to worry.} Rb2 32. Ng1) 31... Rb2 {Strongly threatening ...Ne3+.} 32. a5 Ra2 33. Qb5 Rxa5 34. Qe8+ Kh7 35. Nf3 Re7 36. Qc6 Rc5 37. Qa4 b5 {[%cal Bb6b5,Bb5b4,Bb4b3][%mdl 32] Black is clearly winning.} 38. Qa5 Rec7 39. Nh4 (39. Nd4 $142 b4 40. Qa4) 39... b4 40. Qa4 Re7 41. Kh3 Rc8 42. Qb5 Ree8 43. Qb7 Kg8 44. Qxa7 b3 {[#] Threatens to win with ...b2.} 45. Qa3 Rb8 {Accuracy: White = 27%, Black = 64%.} 0-1

[Event "25th Zadar Open 2018"]
[Site "Zadar"]
[Date "2018.12.16"]
[Round "2.7"]
[White "Omelja, Artem"]
[Black "Zelic, Mladen"]
[Result "1-0"]
[WhiteElo "2457"]
[BlackElo "2274"]
[Annotator "TA"]
[PlyCount "57"]
[EventDate "2018.12.15"]
[EventType "swiss"]
[EventCountry "CRO"]
[SourceTitle "playchess.com"]
[Source "ChessBase"]
[SourceQuality "1"]

{[%evp 16,57,12,23,50,56,52,47,55,47,53,50,69,59,52,36,52,0,-6,0,58,54,66,66,113,97,153,154,147,183,175,180,185,184,304,304,368,366,479,479,464,468,443,436]} 1. d4 Nf6 2. c4 g6 3. Nc3 d5 4. cxd5 Nxd5 5. e4 Nxc3 6. bxc3 Bg7 7. Be3 c5 8. Qd2 cxd4 {D85: Exchange Grünfeld: Unusual White 7th moves and lines with 7 Nf3} 9. cxd4 {LiveBook: 142 Games} b6 $146 ({Predecessor:} 9... Nc6 10. Bb5 f5 11. Ne2 fxe4 12. O-O O-O 13. Rab1 Be6 14. Rfc1 Qa5 15. Qxa5 Nxa5 16. Nf4 Bf7 17. d5 Rfc8 {½-½ (31) Ivanchuk,V (2769)-Gelfand,B (2738) Istanbul 2012}) 10. Bb5+ Bd7 {White is slightly better.} 11. Bd3 Nc6 12. Ne2 Rc8 13. O-O O-O 14. Rac1 Na5 15. d5 e6 16. Nd4 (16. Nf4 $14) 16... exd5 $1 $11 17. exd5 {[%cal Be4d5,Bd5c6][%mdl 32]} Qf6 ({Black should try} 17... Rc5 $11) 18. Ba6 $36 {[%mdl 2048] Black is under pressure.} Rxc1 19. Rxc1 Qd6 20. Nc6 Nxc6 ({Black should play} 20... Bf6) 21. dxc6 $16 Qxd2 22. Bxd2 Bc8 23. Bb4 $1 {[%cal Rb4f8]} Re8 {[#]} 24. Bb7 $1 Bf8 {[#]} (24... Kh8 $142 25. Bd2 Rg8) 25. Re1 $1 $18 {[%cal Re1e8]} Rxe1+ 26. Bxe1 Bxb7 27. cxb7 {White is clearly winning.} Bd6 28. Bd2 {Hoping for g3.} f6 29. h4 {Accuracy: White = 84%, Black = 31%.} 1-0

[Event "25th Zadar Open 2018"]
[Site "Zadar"]
[Date "2018.12.16"]
[Round "2.8"]
[White "Dixit, Nikhil"]
[Black "Loiseau, Quentin"]
[Result "0-1"]
[WhiteElo "2292"]
[BlackElo "2443"]
[Annotator "TA"]
[PlyCount "116"]
[EventDate "2018.12.15"]
[EventType "swiss"]
[EventCountry "CRO"]
[SourceTitle "playchess.com"]
[Source "ChessBase"]
[SourceQuality "1"]

{[%evp 13,115,-3,-2,-4,0,0,0,-6,-18,-11,32,14,25,-23,-16,-90,-88,-89,-88,-87,-100,-88,-72,-120,-94,-91,-107,-270,-263,-273,-273,-326,-317,-322,-314,-314,-304,-331,-280,-298,-270,-263,-270,-261,-205,-197,-166,-288,-247,-258,-249,-385,-369,-440,-450,-442,-340,-352,-340,-405,-379,-379,-379,-371,-371,-358,-249,-396,-414,-500,-249,-248,-254,-241,-235,-321,-319,-372,-355,-492,-304,-474,-488,-609,-600,-585,-602,-5085,-792,-981,-963,-1919,-1814,-904,-892,-862,-859,-1637,-1841,-29996,-4766,-29998,-29999,-29999]} 1. e4 c5 2. Nf3 Nc6 3. Bb5 e6 4. O-O Nge7 5. Re1 Nd4 6. Nc3 {[%cal Bb1c3,Bc3e2,Be2f4][%mdl 32]} a6 {B30: Sicilian: 2...Nc6 3 Bb5, lines without ...g6} (6... Nxb5 7. Nxb5 Nc6 8. d4 a6 9. Nc3 cxd4 10. Nxd4 Qc7 11. Nd5 exd5 12. exd5+ Ne7 13. a4 d6 14. Ra3 {1-0 (34) Caruana,F (2802)-Hou,Y (2652) chess.com INT 2017}) 7. Bd3 Nec6 {LiveBook: 3 Games} 8. b3 Be7 $146 {The position is equal.} ({Predecessor:} 8... Qc7 9. Bb2 Bd6 10. Nd5 exd5 11. exd5+ Ne7 12. Nxd4 cxd4 13. Bxd4 O-O 14. Bxg7 {1-0 (23) Shvayger,Y (2307)-Cornette,M (2566) Cappelle-la-Grande 2014}) 9. Bb2 O-O 10. Nxd4 cxd4 11. Ne2 d5 12. exd5 ({And not} 12. Nxd4 Nxd4 13. Bxd4 dxe4 $17) 12... Qxd5 13. Nf4 Qg5 14. Re4 (14. g3 $11 {remains equal.}) 14... Bd6 $17 15. Nh3 Qh6 16. g3 {Rh4 is the strong threat.} f5 17. Rh4 Qf6 18. c3 g5 $36 {[%mdl 2048] Black is in control.} 19. Rh5 g4 20. cxd4 $2 (20. Nf4 $17) 20... gxh3 $19 21. Rxh3 Rf7 22. Bc4 b5 23. Bf1 Bb7 24. Bg2 Nxd4 25. Rh4 {[#] Hoping for Bxb7.} Nf3+ $1 {[%mdl 512]} 26. Bxf3 Qxb2 27. Bxb7 Rxb7 28. Rc1 Rc7 29. Rxc7 Bxc7 30. Qf3 (30. Rh6 $142) 30... Rd8 31. Qc6 Qe5 32. d4 {[#]} (32. Rh6 {was forced.} Qe1+ 33. Kg2 Qe4+ 34. Qxe4 fxe4 35. Rxe6) 32... Qd6 $1 {[%cal Rd6c6]} 33. Qf3 Bb6 34. Qb7 Rd7 35. Qxa6 b4 (35... Bxd4 $2 36. Qxb5 Kg7 37. a4 $19) 36. Qc8+ Kg7 37. Qc1 Bxd4 38. Qh6+ Kg8 39. Qh5 Bf6 {[#]} 40. Qe8+ (40. Rxb4 $142 $1 {[%mdl 512]} Kg7 (40... Qxb4 41. Qe8+) 41. Ra4) 40... Kg7 41. Rxb4 Re7 ({Weaker is} 41... Qxb4 42. Qxd7+ Qe7 43. Qxe7+ Bxe7 44. f4 $17) (41... Bd4 $142 42. Rxd4 Qxd4) 42. Qb8 Qxb8 43. Rxb8 {[%mdl 4096] Endgame KRB-KR} Rc7 44. a4 Bd4 45. Rb4 e5 46. a5 Rc1+ 47. Kg2 Rc2 48. Ra4 Rxf2+ 49. Kh1 Kg6 50. b4 Rb2 (50... e4 $142 51. Ra3 e3 52. Rxe3 Bxe3 53. h3 f4 54. gxf4 Kf5 55. Kg1 Kxf4 56. h4 Rb2+ 57. Kh1 Kg3 58. h5 Rh2#) 51. a6 Ba7 52. Ra5 e4 53. Re5 Rxb4 54. Re7 Be3 55. a7 Ra4 56. g4 fxg4 (56... Ra1+ $142 57. Kg2 Rg1+ 58. Kh3 fxg4+ 59. Kh4 Bg5#) 57. Rxe4 Ra1+ ({Inferior is} 57... Rxe4 58. a8=Q $14) 58. Kg2 Rg1# {Precision: White = 32%, Black = 68%.} 0-1

[Event "25th Zadar Open 2018"]
[Site "Zadar"]
[Date "2018.12.16"]
[Round "2.9"]
[White "Tica, Sven"]
[Black "Karthik Kumar Pradeep"]
[Result "1/2-1/2"]
[WhiteElo "2439"]
[BlackElo "2230"]
[Annotator "NA"]
[PlyCount "89"]
[EventDate "2018.12.15"]
[EventType "swiss"]
[EventCountry "CRO"]
[SourceTitle "playchess.com"]
[Source "ChessBase"]
[SourceQuality "1"]
[TimeControl "40/5400+30:1800+30"]

1. d4 {[%emt 0:00:30]} Nf6 {[%emt 0:00:30]} 2. c4 {[%emt 0:00:00]} e6 {[%emt 0:00:30]} 3. g3 {[%emt 0:00:00]} Bb4+ {[%emt 0:00:30]} 4. Bd2 {[%emt 0:00:30]} Bxd2+ {[%emt 0:00:00]} 5. Nxd2 {[%emt 0:00:30]} d6 {[%emt 0:00:00] LiveBook: 34 Games} 6. e3 {[%emt 0:00:30]} O-O {[%emt 0:01:30]} 7. Bg2 {[%emt 0:00:00]} e5 {[%emt 0:02:30]} 8. Ne2 {[%emt 0:00:00]} c6 {[%emt 0:07:30]} 9. O-O {[%emt 0:00:30]} Nbd7 {[%emt 0:03:30]} 10. b4 {[%emt 0:11:30]} exd4 {[%emt 0:06:30]} 11. Nxd4 {[%emt 0:01:30]} Ne5 $14 {[%emt 0:27:30]} 12. Qb3 {[%emt 0:10:30]} c5 {[%emt 0:06:30]} 13. Nb5 {[%emt 0:01:30]} a6 {[%emt 0:01:30]} 14. Nc3 {[%emt 0:01:30]} cxb4 {[%emt 0:07:30]} 15. Qxb4 {[%emt 0:00:30]} Nd3 {[%emt 0:00:30]} 16. Qb1 {[%emt 0:01:30]} Nc5 {[%emt 0:00:30]} 17. Nb3 {[%emt 0:00:30]} Rb8 {[%emt 0:07:30]} 18. Rd1 {[%emt 0:08:30]} Qb6 {[%emt 0:04:30]} 19. Nd4 {[%emt 0:07:30]} Qc7 {[%emt 0:08:41]} 20. Qb4 {[%emt 0:03:30]} Bd7 {[%emt 0:05:43]} 21. Rab1 {[%emt 0:01:30]} Bc6 {[%emt 0:01:53]} 22. Nf5 {[%emt 0:10:30]} Rfd8 {[%emt 0:03:40]} 23. Qb6 {[%emt 0:00:30]} Qxb6 {[%emt 0:00:59]} 24. Rxb6 {[%emt 0:00:30]} Bxg2 {[%emt 0:00:46]} 25. Kxg2 {[%emt 0:00:00]} Nfe4 {[%emt 0:01:13]} 26. Nxe4 {[%emt 0:01:00]} Nxe4 {[%emt 0:00:01]} 27. Rd4 {[%emt 0:00:30]} Nc5 {[%emt 0:00:51]} 28. Nxd6 {[%emt 0:01:30]} Rd7 {[%emt 0:00:38]} 29. Kf3 {[%emt 0:03:30]} Kf8 {[%emt 0:00:09]} 30. Ne4 {[%emt 0:02:30]} Rc7 {[%emt 0:00:00]} 31. Nxc5 {[%emt 0:04:30]} Rxc5 {[%emt 0:00:34]} 32. Ke4 {[%emt 0:00:30]} Rbc8 {[%emt 0:00:40]} 33. Rxb7 {[%emt 0:06:30]} Rxc4 {[%emt 0:00:01]} 34. Ra7 {[%emt 0:00:30]} R8c6 {[%emt 0:01:30]} 35. a4 {[%emt 0:01:30]} g6 {[%emt 0:00:36]} 36. a5 {[%emt 0:00:30]} R4c5 {[%emt 0:00:29]} 37. Rd5 {[%emt 0:02:54]} Rc4+ {[%emt 0:00:30]} 38. Kd3 {[%emt 0:00:16]} Rc3+ {[%emt 0:00:02]} 39. Ke2 {[%emt 0:01:27]} Ra3 {[%emt 0:01:01]} 40. Kf3 {[%emt 0:12:53]} Ra2 {[%emt 0:00:00]} 41. g4 {[%emt 0:08:00]} Rf6+ {[%emt 0:09:33]} 42. Ke4 {[%emt 0:01:30]} Re6+ {[%emt 0:02:30]} 43. Kf3 {[%emt 0:02:30]} Rf6+ {[%emt 0:00:00]} 44. Ke4 {[%emt 0:01:30]} Re6+ {[%emt 0:00:00]} 45. Kf3 {[%emt 0:00:00]} 1/2-1/2